The manager's good study guide (Record no. 1801)

000 -LEADER
fixed length control field 00552nam a22001937a 4500
003 - CONTROL NUMBER IDENTIFIER
control field OSt
005 - DATE AND TIME OF LATEST TRANSACTION
control field 20150513102451.0
008 - FIXED-LENGTH DATA ELEMENTS--GENERAL INFORMATION
fixed length control field 150513b xxu||||| |||| 00| 0 eng d
020 ## - INTERNATIONAL STANDARD BOOK NUMBER
International Standard Book Number 9780749249502
050 ## - LIBRARY OF CONGRESS CALL NUMBER
Classification number HF1106 .G54 1994
100 ## - MAIN ENTRY--PERSONAL NAME
Personal name Giles, Ken.
245 ## - TITLE STATEMENT
Title The manager's good study guide
Statement of responsibility, etc Ken Giles and Nicki Hedge
260 ## - PUBLICATION, DISTRIBUTION, ETC. (IMPRINT)
Place of publication, distribution, etc Milton Keynes, England :
Name of publisher, distributor, etc Open University
Date of publication, distribution, etc 1994
300 ## - PHYSICAL DESCRIPTION
Extent x, 289 pages :
Other physical details ill;
Dimensions 25 cm.
504 ## - BIBLIOGRAPHY, ETC. NOTE
Bibliography, etc includes index.
650 ## - SUBJECT ADDED ENTRY--TOPICAL TERM
Topical term or geographic name as entry element Business education;
650 ## - SUBJECT ADDED ENTRY--TOPICAL TERM
Topical term or geographic name as entry element Study skills
942 ## - ADDED ENTRY ELEMENTS (KOHA)
Source of classification or shelving scheme
Koha item type Book
Holdings
Withdrawn status Lost status Source of classification or shelving scheme Damaged status Not for loan Home library Current library Shelving location Date acquired Total Checkouts Full call number Barcode Date last seen Date checked out Copy number Price effective from Koha item type
          Riara University Library Riara University Library General stack 13/05/2015 1 HF1106 .G54 1994 5699/15 03/07/2023 16/06/2023 C.1 13/05/2015 Book

Riara University Library,
P.O. Box 49940-00100,
Nairobi, Kenya.